000 00669nam a2200265Ia 4500
005 20260121161404.0
008 008 260114s9999 xx 000 0 eng d
020 _a9781003574163
037 _aEBOOK
040 _aCRL
040 _beng
040 _cCRL
041 _2eng
041 _aeng
084 _qCRL
100 _aPost-translational Modifications of Proteins
_91043996
245 0 _aM. James C. Crabbe; John J. Harding
260 _bTaylor and Francis
260 _c1991
650 _aBiochemistry
_91043997
856 _uhttp://www.taylorfrancis.com/books/9781003574163
942 _cEBOOK
999 _c1610404
_d1610404